000 00668nam a2200181 4500
010 _aHIN-130968
020 _a9789373481135
_c795.00
035 _aHN-103314
037 _bDBAD
082 _a
100 _aमोरवाल, भगवानदास
_986993
245 _aदण्ड प्रहार /
_cभगवानदास मोरवाल
250 _a
260 _aनई दिल्ली
_bवाणी प्रकाशन
_c2025
270 _a4695,21-ए, दरियागंज,
_bनई दिल्ली
_e110002
300 _a504पृ.
_c22सेमी (सजिल्द)
_b
942 _2ddc
_cHN
_h
_mमोरवा
999 _c214604
_d214604